Countries by Airlines Map Quiz - Statistics

General Stats
  • This quiz has been taken 1,841 times
  • The average score is 16 of 24
Answers on the Map
Answers color-coded by a green-red scale on the quiz's map according to % correct below.
 
Answer Stats
Answer % Correct
United
83%
Aeroflot
80%
Emirates
80%
Iberia
80%
Lufthansa
79%
Alitalia
77%
RyanAir
77%
Aegean
74%
All Nippon
73%
Qantas
71%
TAP
69%
LOT
68%
Virgin Atlantic
68%
WestJet
65%
Air Koryo
62%
Avianca
60%
VivaAerobús
59%
Cathay Pacific
58%
Gol
58%
Cebu Pacific
57%
LAN
54%
Asiana
52%
Lion Air
51%
Air Asia
47%
No matching quizzes found
Score Distribution
Percent of People with Each Score
Percentile by Number Answered
Your Score History
You have not taken this quiz